[Event "Volodarskij Spring-A"]
[Site "Volodarskij"]
[Date "2007.07.04"]
[Round "11"]
[White "Sviridonov, Sergei"]
[Black "Klyashtorny, Vladislav"]
[Result "1-0"]
[WhiteElo "2358"]
[BlackElo "2364"]
[PlyCount "59"]
[EventDate "2007.06.27"]
[EventType "tourn"]
[EventRounds "15"]
[EventCountry "RUS"]
[EventCategory "3"]
[SourceTitle "CBM 119 Extra"]
[Source "ChessBase"]
[SourceDate "2007.09.04"]
[SourceVersion "1"]
[SourceVersionDate "2007.09.04"]
[SourceQuality "1"]

1. c4 Nf6 2. Nf3 e6 3. d4 b6 4. g3 Ba6 5. b3 Bb4+ 6. Bd2 Be7 7. Bg2 c6 8. Nc3 d5 9. Ne5 0-0 10. cxd5 exd5 11. 0-0 Re8 12. Re1 Bd6 13. e4 c5 14. Nxd5 Nxd5 15. exd5 cxd4 16. Nc6 Nxc6 17. dxc6 Rc8 18. a4 Rxe1+ 19. Qxe1 Bd3 20. b4 a6 21. Rc1 b5 22. axb5 axb5 23. Ra1 Rc7 24. Ra3 Bc4 25. Qa1 Bf8 26. Bf4 Rc8 27. c7 Rxc7 28. Bxc7 Qxc7 29. Qxd4 Bxb4 30. Ra7 1-0

[Event "Volodarskij Spring-A"]
[Site "Volodarskij"]
[Date "2007.07.03"]
[Round "9"]
[White "Sviridonov, Sergei"]
[Black "Shpagin, Vlas"]
[Result "1/2-1/2"]
[WhiteElo "2358"]
[BlackElo "2123"]
[PlyCount "96"]
[EventDate "2007.06.27"]
[EventType "tourn"]
[EventRounds "15"]
[EventCountry "RUS"]
[EventCategory "3"]
[SourceTitle "CBM 119 Extra"]
[Source "ChessBase"]
[SourceDate "2007.09.04"]
[SourceVersion "1"]
[SourceVersionDate "2007.09.04"]
[SourceQuality "1"]

1. d4 Nf6 2. c4 g6 3. Nc3 Bg7 4. e4 d6 5. f3 e5 6. Be3 exd4 7. Bxd4 Nc6 8. Be3 0-0 9. Qd2 Ne5 10. Bd3 c6 11. Nge2 Be6 12. b3 d5 13. cxd5 cxd5 14. Rd1 Nxd3+ 15. Qxd3 dxe4 16. fxe4 Qxd3 17. Rxd3 Ng4 18. Bd4 Rfd8 19. 0-0 Ne5 20. Rdd1 b6 21. h3 h5 22. Kh1 Rd7 23. Nf4 Rad8 24. Ncd5 Bxd5 25. exd5 g5 26. Rfe1 gxf4 27. Bxe5 f3 28. gxf3 Rxd5 29. Rxd5 Rxd5 30. Bf4 Kf8 31. Kg2 a6 32. Kg3 Rd3 33. Rc1 Bd4 34. Rc6 f6 35. Bc7 Ke7 36. Bxb6 Be5+ 37. Kh4 Kd7 38. Rc1 Rxf3 39. Rh1 Rf5 40. Rd1+ Kc6 41. Ba7 Rg5 42. Rd3 a5 43. Rf3 Kd5 44. Bb6 Ke4 45. Re3+ Kf4 46. Rd3 Ke4 47. Re3+ Kf4 48. Rd3 Ke4 1/2-1/2